Państwa połączone mostami - Statystyki

Ogólne statystyki
  • Ten quiz został rozwiązany 20 600 razy
  • Średni wynik to 4 z 8
Statystyki odpowiedzi
Most/tunel/kanał Państwo % Poprawnych
Kanał La Manche Francja
95%
Kanał La Manche Wielka Brytania
93%
Most nad Sundem Dania
67%
Most nad Sundem Szwecja
66%
Droga Króla Fahda Bahrajn
32%
Droga Króla Fahda Arabia Saudyjska
31%
Grobla Johor Malezja
27%
Grobla Johor Singapur
26%
Nie znaleziono quizów pasujących do podanych kryteriów
Rozkład punktacji
Procent ludzi z każdym wynikiem
Percentyl według liczby udzielonych odpowiedzi
Twoja historia wyników
Nie rozwiązałeś tego quizu